Beyond soulish christianity: (Record no. 17184)

000 -LEADER
fixed length control field 00528nam a2200157 a 4500
001 - CONTROL NUMBER
control field :::00020919$&:&@@
003 - CONTROL NUMBER IDENTIFIER
control field OkBaRHE
005 - DATE AND TIME OF LATEST TRANSACTION
control field 20040421142020.0
008 - FIXED-LENGTH DATA ELEMENTS--GENERAL INFORMATION
fixed length control field s1999 j 000 0 eng u
040 ## - CATALOGING SOURCE
Transcribing agency
100 1# - MAIN ENTRY--PERSONAL NAME
Personal name Hemphill, Garry
245 10 - TITLE STATEMENT
Title Beyond soulish christianity:
Remainder of title restoring the spirit's influence to a soul dominated generation.
260 ## - PUBLICATION, DISTRIBUTION, ETC. (IMPRINT)
Place of publication, distribution, etc Kearney, NE
Name of publisher, distributor, etc Morris Publishing
Date of publication, distribution, etc 1999
942 ## - ADDED ENTRY ELEMENTS (KOHA)
Source of classification or shelving scheme
Koha item type Books
Copies
Not for loan Date acquired Koha item type Full call number Source of classification or shelving scheme Lost status Shelving location Permanent Location Damaged status Barcode Price effective from Withdrawn status Copy number Date last seen
 2010-04-14BooksBV 4501 .H4  General StacksRHEMA Bible Training College 209192010-04-14 12010-04-14